[Event "Australian op"]
[Site "Manly Sydney"]
[Date "2009.01.07"]
[Round "7"]
[White "Bleicher, Horst"]
[Black "Papp, Albert"]
[Result "1/2-1/2"]
[WhiteElo "1840"]
[BlackElo "2085"]
[PlyCount "143"]
[EventDate "2009.01.02"]
[EventType "swiss"]
[EventRounds "11"]
[EventCountry "AUS"]
[SourceTitle "CBM 128 Extra"]
[Source "ChessBase"]
[SourceDate "2009.03.05"]
[SourceVersion "2"]
[SourceVersionDate "2009.03.25"]
[SourceQuality "1"]

1. c4 e5 2. Nc3 Nf6 3. d3 d6 4. Nf3 g6 5. g3 Bg7 6. Bg2 0-0 7. h3 Nc6 8. Be3 Ne8 9. Qd2 f5 10. Bh6 f4 11. Bxg7 Kxg7 12. gxf4 exf4 13. Nd5 g5 14. Qc3+ Kg8 15. h4 g4 16. Ng5 h6 17. Ne4 Be6 18. Nd2 Nf6 19. Nxf4 Bf7 20. Be4 h5 21. 0-0-0 Rb8 22. Rdg1 Ne5 23. f3 b5 24. fxg4 hxg4 25. Nf3 Nxe4 26. dxe4 b4 27. Qe1 Qf6 28. Qg3 Kh8 29. Nxe5 dxe5 30. Nd3 b3 31. a3 Bh5 32. Qxe5 Qxe5 33. Nxe5 Rf4 34. Rg3 Rxe4 35. Nd7 Rxc4+ 36. Kb1 Bg6+ 37. Ka1 Re8 38. Rxb3 Rxe2 39. h5 Bf7 40. Rb8+ Re8 41. Rxe8+ Bxe8 42. Nf6 Bc6 43. Rg1 Bf3 44. b4 Rd4 45. Kb2 Rf4 46. Ne8 c6 47. Nc7 Rf5 48. h6 Kh7 49. Ne6 Kxh6 50. Nd4 Rf4 51. Kc3 Re4 52. Kd3 Re8 53. Rg3 Rd8 54. Ke3 Re8+ 55. Kd3 Rd8 56. Kc3 Rf8 57. Kc4 Bd5+ 58. Kc5 Kh5 59. Nxc6 Bxc6 60. Kxc6 Kh4 61. Rg1 Rf7 62. b5 g3 63. a4 Kh3 64. Rb1 g2 65. a5 Kh2 66. b6 axb6 67. axb6 g1Q 68. Rxg1 Kxg1 69. b7 Rf8 70. Kc7 Rf7+ 71. Kb6 Rf6+ 72. Ka7 1/2-1/2

[Event "Australian op"]
[Site "Manly Sydney"]
[Date "2009.01.04"]
[Round "4"]
[White "Papp, Albert"]
[Black "Russell, Luthien"]
[Result "0-1"]
[WhiteElo "2085"]
[BlackElo "1786"]
[PlyCount "66"]
[EventDate "2009.01.02"]
[EventType "swiss"]
[EventRounds "11"]
[EventCountry "AUS"]
[SourceTitle "CBM 128 Extra"]
[Source "ChessBase"]
[SourceDate "2009.03.05"]
[SourceVersion "2"]
[SourceVersionDate "2009.03.25"]
[SourceQuality "1"]

1. e4 c5 2. Nf3 e6 3. d4 cxd4 4. Nxd4 a6 5. Nc3 Qc7 6. f3 Nf6 7. Be3 b5 8. Qd2 Bb7 9. 0-0-0 Be7 10. g4 d6 11. Bd3 Nc6 12. g5 Nd7 13. Rhg1 Nde5 14. f4 Nxd4 15. Bxd4 Nf3 16. Qf2 Nxg1 17. Rxg1 e5 18. Bb6 Qd7 19. f5 f6 20. Be2 0-0 21. g6 h6 22. Qh4 Rfc8 23. Be3 Bf8 24. Bd3 d5 25. exd5 Bxd5 26. Kb1 Rc7 27. Bxh6 gxh6 28. Qxf6 Bg7 29. Qh4 Rf8 30. Rf1 Bg2 31. Rf2 Qd4 32. Qxd4 exd4 33. Nd5 Bxd5 0-1

[Event "HUN-chT2 Szechenyi 0708"]
[Site "Hungary"]
[Date "2008.03.30"]
[Round "9"]
[White "Papp, Albert"]
[Black "Babits, Andras"]
[Result "0-1"]
[WhiteElo "2117"]
[BlackElo "2161"]
[PlyCount "112"]
[EventDate "2007.10.14"]
[EventType "team"]
[EventRounds "11"]
[EventCountry "HUN"]
[SourceTitle "EXT 2009"]
[Source "ChessBase"]
[SourceDate "2008.11.26"]
[SourceVersion "1"]
[SourceVersionDate "2008.11.26"]
[SourceQuality "1"]
[WhiteTeam "Flesch"]
[BlackTeam "Keszthely"]
[WhiteTeamCountry "HUN"]
[BlackTeamCountry "HUN"]

1. e4 e5 2. Nf3 Nc6 3. Bb5 a6 4. Bxc6 dxc6 5. d4 exd4 6. Qxd4 Qxd4 7. Nxd4 Bd7 8. 0-0 0-0-0 9. Nc3 f6 10. Be3 h5 11. Rad1 Nh6 12. f3 Nf7 13. Nde2 Ne5 14. b3 g5 15. Na4 b6 16. Nb2 Rg8 17. Nd3 Kb7 18. Nd4 Nxd3 19. Rxd3 Bd6 20. Nf5 Bxf5 21. exf5 c5 22. Rfd1 Rde8 23. Bf2 Re2 24. R3d2 Rxd2 25. Rxd2 h4 26. Re2 Be5 27. h3 Rd8 28. Kf1 Kc6 29. c4 b5 30. Rc2 b4 31. Ke2 Bf4 32. Ke1 a5 33. Re2 Be5 34. Rc2 a4 35. bxa4 Ra8 36. Kd1 Rxa4 37. Rd2 Ra3 38. Be1 Bd4 39. Rc2 Kd6 40. Re2 Be3 41. g3 Ke5 42. gxh4 gxh4 43. Bxh4 Kxf5 44. Bg3 c6 45. Ke1 Bd4 46. h4 Rxf3 47. Bf2 Bxf2+ 48. Rxf2 Rxf2 49. Kxf2 Kg4 50. Ke3 f5 51. h5 Kxh5 52. Kf4 Kg6 53. Kf3 Kf6 54. Kf4 Ke6 55. Kf3 Ke5 56. Ke3 f4+ 0-1

[Event "HUN-chT2 Szechenyi 0607"]
[Site "Hungary"]
[Date "2007.04.29"]
[Round "9"]
[White "Papp, Albert"]
[Black "Tamas, Gyorgy"]
[Result "1/2-1/2"]
[WhiteElo "2101"]
[BlackElo "2148"]
[PlyCount "27"]
[EventDate "2006.11.12"]
[EventType "team"]
[EventRounds "11"]
[EventCountry "HUN"]
[SourceTitle "EXT 2008"]
[Source "ChessBase"]
[SourceDate "2007.11.25"]
[SourceVersion "1"]
[SourceVersionDate "2007.11.25"]
[SourceQuality "1"]
[WhiteTeam "Flesch"]
[BlackTeam "Zala Volan"]
[WhiteTeamCountry "HUN"]
[BlackTeamCountry "HUN"]

1. d4 Nf6 2. c4 c5 3. e3 cxd4 4. exd4 d5 5. Nc3 e6 6. Nf3 Nc6 7. Bg5 Be7 8. Be2 0-0 9. 0-0 dxc4 10. Bxc4 a6 11. Qd3 b5 12. Bb3 Bb7 13. Rad1 Nb4 14. Qe2 1/2-1/2

[Event "HUN-chT2 Szechenyi 0607"]
[Site "Hungary"]
[Date "2007.03.25"]
[Round "7"]
[White "Remete, Zsuzsa"]
[Black "Papp, Albert"]
[Result "0-1"]
[WhiteElo "2125"]
[BlackElo "2101"]
[PlyCount "50"]
[EventDate "2006.11.12"]
[EventType "team"]
[EventRounds "11"]
[EventCountry "HUN"]
[SourceTitle "EXT 2008"]
[Source "ChessBase"]
[SourceDate "2007.11.25"]
[SourceVersion "1"]
[SourceVersionDate "2007.11.25"]
[SourceQuality "1"]
[WhiteTeam "Haladas II"]
[BlackTeam "Flesch"]
[WhiteTeamCountry "HUN"]
[BlackTeamCountry "HUN"]

1. e4 e5 2. Nf3 Nc6 3. Bb5 a6 4. Ba4 Nf6 5. 0-0 Be7 6. Re1 b5 7. Bb3 0-0 8. c3 d5 9. exd5 Nxd5 10. Nxe5 Nxe5 11. Rxe5 Nf6 12. d4 Bd6 13. Re1 Ng4 14. g3 Qf6 15. Be3 Nxh2 16. Kxh2 Qh4+ 17. Kg1 Bxg3 18. Bd5 Qh2+ 19. Kf1 Bh3+ 20. Ke2 Rae8 21. Rf1 Bf4 22. Qc2 Bg4+ 23. Ke1 Rxe3+ 24. fxe3 Qxc2 25. Rxf4 Qe2# 0-1

[Event "HUN-chT2 Szechenyi 0304"]
[Site "Hungary"]
[Date "2003.12.07"]
[Round "5"]
[White "Papp, Albert"]
[Black "Varga, Jozsef"]
[Result "0-1"]
[WhiteElo "2074"]
[BlackElo "2064"]
[PlyCount "100"]
[EventDate "2003.09.28"]
[EventType "team"]
[EventRounds "11"]
[EventCountry "HUN"]
[SourceTitle "EXT 2009"]
[Source "ChessBase"]
[SourceDate "2008.11.26"]
[SourceVersion "1"]
[SourceVersionDate "2008.11.26"]
[SourceQuality "1"]
[WhiteTeam "Flesch"]
[BlackTeam "Szentgotthard"]
[WhiteTeamCountry "HUN"]
[BlackTeamCountry "HUN"]

1. d4 e6 2. c4 Nf6 3. Nf3 Be7 4. Bg5 d6 5. Nc3 Nbd7 6. e4 h6 7. Bf4 Nh5 8. Be3 Nhf6 9. Be2 e5 10. d5 Nf8 11. Qc2 b6 12. h3 g5 13. Nh2 Ng6 14. 0-0-0 Bd7 15. Ng4 Qc8 16. Nxf6+ Bxf6 17. g4 Nh4 18. Rdg1 Qb7 19. f3 0-0-0 20. b4 Be7 21. a4 Kb8 22. b5 Ng6 23. Kd2 Nf4 24. a5 Rc8 25. a6 Qa8 26. Qa4 Rcg8 27. Na2 Kc8 28. Nb4 Bf6 29. Nc6 Bxc6 30. dxc6 Kd8 31. Bxf4 exf4 32. c5 bxc5 33. Qb3 Ke7 34. Bc4 Rg7 35. Qa4 Qd8 36. Rd1 Bd4 37. h4 h5 38. hxg5 hxg4 39. Qb3 g3 40. Bxf7 Rxf7 41. Qd5 Be5 42. Rh6 Rxh6 43. gxh6 Qh8 44. b6 axb6 45. a7 Qa8 46. Qa2 Rh7 47. Qa6 Rxh6 48. Qb7 Qg8 49. a8Q Rh2+ 50. Kd3 Qb3# 0-1

[Event "HUN-chT2 Szechenyi 0304"]
[Site "Hungary"]
[Date "2003.10.05"]
[Round "2"]
[White "Papp, Albert"]
[Black "Deak, Laszlo"]
[Result "1-0"]
[WhiteElo "2074"]
[BlackElo "2124"]
[PlyCount "37"]
[EventDate "2003.09.28"]
[EventType "team"]
[EventRounds "11"]
[EventCountry "HUN"]
[SourceTitle "EXT 2009"]
[Source "ChessBase"]
[SourceDate "2008.11.26"]
[SourceVersion "1"]
[SourceVersionDate "2008.11.26"]
[SourceQuality "1"]
[WhiteTeam "Flesch"]
[BlackTeam "Zala Volan"]
[WhiteTeamCountry "HUN"]
[BlackTeamCountry "HUN"]

1. d4 d5 2. c4 Bf5 3. Qb3 Nc6 4. cxd5 Nb8 5. Qxb7 Nd7 6. Nc3 e5 7. dxe6 fxe6 8. e4 Bg6 9. Bb5 Ngf6 10. Bg5 Be7 11. Bxf6 Bxf6 12. e5 Be7 13. Qc6 Bf7 14. d5 Kf8 15. Qxd7 Qb8 16. dxe6 Be8 17. Qxe8+ Qxe8 18. Bxe8 Kxe8 19. Nd5 1-0

[Event "HUN-chT2 Szechenyi 0304"]
[Site "Hungary"]
[Date "2003.09.28"]
[Round "1"]
[White "Papp, Albert"]
[Black "Soponyai, Andras"]
[Result "1/2-1/2"]
[WhiteElo "2074"]
[BlackElo "2053"]
[PlyCount "21"]
[EventDate "2003.09.28"]
[EventType "team"]
[EventRounds "11"]
[EventCountry "HUN"]
[SourceTitle "EXT 2009"]
[Source "ChessBase"]
[SourceDate "2008.11.26"]
[SourceVersion "1"]
[SourceVersionDate "2008.11.26"]
[SourceQuality "1"]
[WhiteTeam "Flesch"]
[BlackTeam "Haladas II"]
[WhiteTeamCountry "HUN"]
[BlackTeamCountry "HUN"]

1. d4 e6 2. c4 Nf6 3. Nc3 Bb4 4. Qc2 0-0 5. Bg5 b6 6. Nf3 Bb7 7. e3 h6 8. Bh4 d6 9. Bd3 Nbd7 10. a3 Bxc3+ 11. Qxc3 1/2-1/2

[Event "HUN-chT2 Szechenyi 0203"]
[Site "Hungary"]
[Date "2003.04.06"]
[Round "10"]
[White "Oltean, Gusztav"]
[Black "Papp, Albert"]
[Result "1/2-1/2"]
[WhiteElo "2193"]
[BlackElo "2059"]
[PlyCount "86"]
[EventDate "2002.09.22"]
[EventType "team"]
[EventRounds "11"]
[EventCountry "HUN"]
[SourceTitle "EXT 2009"]
[Source "ChessBase"]
[SourceDate "2008.11.26"]
[SourceVersion "1"]
[SourceVersionDate "2008.11.26"]
[SourceQuality "1"]

1. Nf3 d5 2. c4 d4 3. e3 c5 4. b4 dxe3 5. fxe3 cxb4 6. d4 Nf6 7. Bd3 Bg4 8. 0-0 e6 9. Bb2 Be7 10. Qc2 Nc6 11. Nbd2 Qd7 12. e4 Bh5 13. d5 Bc5+ 14. Kh1 Ne7 15. Ne5 Qc7 16. Qa4+ Nd7 17. Nb3 Bd6 18. Qxd7+ Qxd7 19. Nxd7 Kxd7 20. e5 Bb8 21. Nc5+ Kc8 22. dxe6 fxe6 23. Nxe6 Bg6 24. Rad1 Nc6 25. Bxg6 hxg6 26. Nf4 g5 27. Ng6 Rh6 28. Rf8+ Kc7 29. Rf7+ Kb6 30. Rxg7 a5 31. Rdd7 a4 32. Rxb7+ Kc5 33. Ne7 Na5 34. Nf5 Re6 35. Rbe7 Rxe7 36. Rxe7 Nxc4 37. Bd4+ Kc6 38. Re8 Kd7 39. Rg8 b3 40. axb3 axb3 41. g4 b2 42. Bxb2 Nxb2 43. Rxg5 Bxe5 1/2-1/2

[Event "HUN-chT2 Szechenyi 0203"]
[Site "Hungary"]
[Date "2003.02.16"]
[Round "7"]
[White "Papp, Albert"]
[Black "Kosztolanczi, Gyula"]
[Result "1/2-1/2"]
[WhiteElo "2059"]
[BlackElo "2178"]
[PlyCount "103"]
[EventDate "2002.09.22"]
[EventType "team"]
[EventRounds "11"]
[EventCountry "HUN"]
[SourceTitle "EXT 2009"]
[Source "ChessBase"]
[SourceDate "2008.11.26"]
[SourceVersion "1"]
[SourceVersionDate "2008.11.26"]
[SourceQuality "1"]

1. d4 Nf6 2. c4 g6 3. Nc3 Bg7 4. e4 d6 5. f3 0-0 6. Be3 Nc6 7. Qd2 e5 8. d5 Nd4 9. Nge2 c5 10. dxc6 Nxc6 11. Nb5 Be6 12. Nec3 Qa5 13. Nd5 Qxd2+ 14. Kxd2 Ne8 15. Bd3 a6 16. Nbc3 f5 17. b4 Rf7 18. a4 fxe4 19. fxe4 Nf6 20. h3 Bxd5 21. Nxd5 Nxd5 22. cxd5 Nxb4 23. Rhc1 Bf6 24. Be2 a5 25. Bg4 Kg7 26. Be6 Re7 27. Rc4 h6 28. Ke2 Bg5 29. Bb6 Ra6 30. Bxa5 Nxd5 31. Bxd5 Rxa5 32. Rb1 Ra7 33. Rb6 Rd7 34. Rcb4 Bd8 35. Rxb7 Kf6 36. Rxd7 Rxd7 37. Rb7 Rxb7 38. Bxb7 Kg5 39. g3 h5 40. Kf3 Bb6 41. g4 Kh4 42. gxh5 gxh5 43. Kg2 Kg5 44. Bd5 Kf4 45. Bb7 h4 46. Bd5 Ke3 47. Bb7 Bd8 48. Ba8 Kd4 49. Kf3 Kc5 50. Kg4 Kb4 51. Bc6 Kc5 52. Bd5 1/2-1/2

[Event "HUN-chT2 Szechenyi 0203"]
[Site "Hungary"]
[Date "2003.02.02"]
[Round "6"]
[White "Papp, Albert"]
[Black "Ladanyi, Zsolt"]
[Result "1/2-1/2"]
[WhiteElo "2059"]
[BlackElo "2086"]
[PlyCount "97"]
[EventDate "2002.09.22"]
[EventType "team"]
[EventRounds "11"]
[EventCountry "HUN"]
[SourceTitle "EXT 2009"]
[Source "ChessBase"]
[SourceDate "2008.11.26"]
[SourceVersion "1"]
[SourceVersionDate "2008.11.26"]
[SourceQuality "1"]

1. d4 Nf6 2. c4 e6 3. Nc3 Bb4 4. Qc2 0-0 5. a3 Bxc3+ 6. Qxc3 d6 7. Bg5 Nbd7 8. Nf3 b6 9. e3 Bb7 10. Be2 Rc8 11. 0-0 h6 12. Bxf6 Nxf6 13. Nd2 c5 14. b4 cxd4 15. Qxd4 d5 16. cxd5 Bxd5 17. Rfc1 Rc7 18. Qb2 Rd7 19. Rd1 Qa8 20. Bf3 Rfd8 21. Qc2 Qc6 22. Qxc6 Bxc6 23. Bxc6 Rxd2 24. Rxd2 Rxd2 25. h3 Kf8 26. Kf1 Ke7 27. b5 Nd7 28. a4 Ne5 29. Bf3 Nxf3 30. gxf3 Rc2 31. f4 Kf6 32. Kg2 Rd2 33. Kf3 g6 34. Rc1 Ra2 35. Rc4 g5 36. fxg5+ hxg5 37. h4 Kg6 38. hxg5 Kxg5 39. Ke4 f6 40. f4+ Kg4 41. Rd4 Ra3 42. Rc4 Rb3 43. f5 exf5+ 44. Kd5+ Kf3 45. Rf4+ Kxe3 46. Rxf5 Rb4 47. Rxf6 Rxa4 48. Rf7 Ra5 49. Kc4 1/2-1/2

[Event "HUN-chT2 Szechenyi 0203"]
[Site "Hungary"]
[Date "2002.11.24"]
[Round "3"]
[White "Papp, Albert"]
[Black "Toth, Balazs"]
[Result "1-0"]
[WhiteElo "2059"]
[BlackElo "1942"]
[PlyCount "73"]
[EventDate "2002.09.22"]
[EventType "team"]
[EventRounds "11"]
[EventCountry "HUN"]
[SourceTitle "EXT 2009"]
[Source "ChessBase"]
[SourceDate "2008.11.26"]
[SourceVersion "1"]
[SourceVersionDate "2008.11.26"]
[SourceQuality "1"]

1. d4 Nf6 2. c4 e6 3. Nc3 Bb4 4. Qc2 0-0 5. Bg5 b6 6. Nf3 Bb7 7. e3 h6 8. Bh4 g5 9. Bg3 Ne4 10. Nd2 f5 11. f3 Nxg3 12. hxg3 Bd6 13. f4 Kg7 14. 0-0-0 g4 15. e4 Nc6 16. Nb3 Nb4 17. Qe2 c5 18. d5 Re8 19. a3 Na6 20. dxe6 Rxe6 21. e5 Be7 22. Qd3 Qf8 23. Qxd7 Bc8 24. Qd3 Bb7 25. Qc2 Bc6 26. Bd3 Kg6 27. Bxf5+ Qxf5 28. Rxh6+ Kg7 29. Qxf5 Rxh6 30. Nd5 Rf8 31. Qxg4+ Rg6 32. Qxg6+ Kxg6 33. Nxe7+ Kh5 34. Nxc6 Kg4 35. e6 Rf6 36. Re1 Nc7 37. Re3 1-0

[Event "HUN-chT2 Szechenyi 0203"]
[Site "Hungary"]
[Date "2002.10.13"]
[Round "2"]
[White "Remete, Zsuzsa"]
[Black "Papp, Albert"]
[Result "0-1"]
[WhiteElo "2042"]
[BlackElo "2059"]
[PlyCount "50"]
[EventDate "2002.09.22"]
[EventType "team"]
[EventRounds "11"]
[EventCountry "HUN"]
[SourceTitle "EXT 2009"]
[Source "ChessBase"]
[SourceDate "2008.11.26"]
[SourceVersion "1"]
[SourceVersionDate "2008.11.26"]
[SourceQuality "1"]

1. e4 c6 2. d4 d5 3. Nc3 dxe4 4. Nxe4 Nd7 5. Nf3 Ngf6 6. Ng3 Qc7 7. Bd3 e6 8. 0-0 Bd6 9. Re1 0-0 10. c4 b6 11. b3 Bb7 12. Bb2 Rfe8 13. Ne5 c5 14. Nxd7 Nxd7 15. dxc5 Bxg3 16. hxg3 Nxc5 17. Qg4 f5 18. Bxf5 exf5 19. Qxf5 Qf7 20. Rxe8+ Rxe8 21. Qg4 Nd3 22. Bd4 Re4 23. Qxg7+ Qxg7 24. Bxg7 Kxg7 25. Rd1 Re1+ 0-1

[Event "HUN-chT2 Szechenyi 0203"]
[Site "Hungary"]
[Date "2002.09.22"]
[Round "1"]
[White "Pribek, Laszlo"]
[Black "Papp, Albert"]
[Result "1-0"]
[WhiteElo "2143"]
[BlackElo "2059"]
[PlyCount "121"]
[EventDate "2002.09.22"]
[EventType "team"]
[EventRounds "11"]
[EventCountry "HUN"]
[SourceTitle "EXT 2009"]
[Source "ChessBase"]
[SourceDate "2008.11.26"]
[SourceVersion "1"]
[SourceVersionDate "2008.11.26"]
[SourceQuality "1"]

1. e4 c6 2. d4 d5 3. Nc3 dxe4 4. Nxe4 Nd7 5. Bc4 Ngf6 6. Ng5 e6 7. Qe2 Nb6 8. Bb3 h6 9. N5f3 Bd6 10. Ne5 0-0 11. Ngf3 c5 12. Be3 Qc7 13. dxc5 Bxc5 14. 0-0-0 Bxe3+ 15. Qxe3 Bd7 16. Nxd7 Nfxd7 17. g4 Nc5 18. g5 Nxb3+ 19. axb3 Nd5 20. Qd2 hxg5 21. Nxg5 Rac8 22. Kb1 Rfd8 23. c4 Ne7 24. Qe3 Ng6 25. Qxa7 Qf4 26. Qe3 Rxd1+ 27. Rxd1 Qxh2 28. Nxe6 Re8 29. Rd8 Rxd8 30. Nxd8 Ne5 31. f4 Qh4 32. Qxe5 Qxd8 33. Kc2 Qd7 34. Kc3 f6 35. Qe3 Kf7 36. b4 Qe6 37. Qd3 Ke7 38. f5 Qc6 39. b5 Qc5 40. Kb3 Qd6 41. Qe4+ Kd8 42. Kc3 Kc7 43. Qd4 Qg3+ 44. Kb4 Qe1+ 45. Ka4 b6 46. Qd5 Qf2 47. Qc6+ Kb8 48. Qd6+ Ka8 49. Qf8+ Kb7 50. Qxg7+ Ka8 51. Qf8+ Ka7 52. Qe7+ Ka8 53. Qxf6 Qc2+ 54. Kb4 Qd2+ 55. Qc3 Qd6+ 56. Kb3 Qd1+ 57. Qc2 Qf3+ 58. Ka2 Kb8 59. Qh2+ Ka7 60. Qc7+ Ka8 61. Qc6+ 1-0

[Event "HUN-chT3 0102"]
[Site "Hungary"]
[Date "2002.03.03"]
[Round "8.2"]
[White "Lazar, Ales Ml"]
[Black "Papp, Albert"]
[Result "1-0"]
[WhiteElo "2259"]
[BlackElo "2149"]
[PlyCount "99"]
[EventDate "2001.09.30"]
[EventType "team"]
[EventRounds "11"]
[EventCountry "HUN"]
[SourceTitle "EXT 2004"]
[Source "ChessBase"]
[SourceDate "2003.11.25"]
[SourceVersion "1"]
[SourceVersionDate "2003.11.25"]
[SourceQuality "1"]

1. e4 c6 2. d4 d5 3. Nd2 dxe4 4. Nxe4 Nd7 5. Ng5 h6 6. Ne6 Qa5+ 7. Bd2 Qb6 8. Nxf8 Kxf8 9. Bc3 Ngf6 10. b3 Ne4 11. Ne2 Nxc3 12. Nxc3 Qa5 13. Qd2 Nf6 14. Bc4 Bg4 15. f3 Bd7 16. Rd1 b5 17. Bd3 Nd5 18. Ne4 Qxd2+ 19. Kxd2 Bf5 20. c4 Nf4 21. Bf1 Bxe4 22. fxe4 b4 23. Ke3 Ng6 24. c5 Ke8 25. Ba6 Kd7 26. Rd2 Rhd8 27. a3 bxa3 28. Ra1 Rab8 29. Rxa3 e6 30. Rda2 Ke7 31. Bc4 Rd7 32. Rxa7 Rbd8 33. d5 exd5 34. exd5 cxd5 35. Bxd5 Kf6 36. Rxd7 Rxd7 37. Bf3 Ne5 38. Ra6+ Ke7 39. b4 Nxf3 40. gxf3 Rb7 41. Ra4 g5 42. Kd4 f5 43. c6 Rb5 44. Kc4 Re5 45. Ra7+ Kd8 46. b5 Re1 47. b6 g4 48. fxg4 fxg4 49. Rd7+ Ke8 50. b7 1-0

[Event "Budapest FS08 FM"]
[Site "Budapest"]
[Date "2001.??.??"]
[Round "9"]
[White "Fischer, Daniel"]
[Black "Papp, Albert"]
[Result "1-0"]
[WhiteElo "2000"]
[BlackElo "2000"]
[PlyCount "85"]
[EventDate "2001.08.??"]
[EventType "tourn"]
[EventRounds "13"]
[EventCountry "HUN"]
[SourceTitle "EXT 2006"]
[Source "ChessBase"]
[SourceDate "2005.11.24"]
[SourceVersion "1"]
[SourceVersionDate "2005.11.24"]
[SourceQuality "1"]

1. d3 d5 2. e4 c6 3. Nd2 e5 4. Ngf3 Bd6 5. g3 Nf6 6. Bg2 Bg4 7. h3 Bh5 8. 0-0 0-0 9. Re1 Re8 10. Nf1 Nbd7 11. c3 Qc7 12. Qc2 Bg6 13. Nh4 Rad8 14. Ne3 dxe4 15. dxe4 Nc5 16. Nef5 Bf8 17. Bg5 Rd7 18. Rad1 Red8 19. Rxd7 Rxd7 20. b4 Ne6 21. Be3 a5 22. a3 axb4 23. axb4 c5 24. Qb3 Qc6 25. b5 Qc7 26. Qc4 Ne8 27. Bf3 Nd6 28. Nxd6 Bxd6 29. Bg4 Re7 30. Rd1 b6 31. Qd5 Rd7 32. Nxg6 hxg6 33. Bxe6 fxe6 34. Qxe6+ Kh7 35. c4 Rd8 36. Bg5 Rd7 37. h4 Kh8 38. Qxg6 Qb8 39. Qe6 Qc7 40. f4 exf4 41. Bxf4 Bxf4 42. Rxd7 Be3+ 43. Kg2 1-0

[Event "Budapest FS08 FM"]
[Site "Budapest"]
[Date "2001.??.??"]
[Round "7"]
[White "Halmi, Bence"]
[Black "Papp, Albert"]
[Result "1/2-1/2"]
[WhiteElo "2000"]
[BlackElo "2000"]
[PlyCount "30"]
[EventDate "2001.08.??"]
[EventType "tourn"]
[EventRounds "13"]
[EventCountry "HUN"]
[SourceTitle "EXT 2006"]
[Source "ChessBase"]
[SourceDate "2005.11.24"]
[SourceVersion "1"]
[SourceVersionDate "2005.11.24"]
[SourceQuality "1"]

1. e4 d6 2. d4 g6 3. b3 Bg7 4. Bb2 Nf6 5. Nc3 0-0 6. g3 Nbd7 7. Bg2 c5 8. d5 a6 9. a4 b6 10. Nge2 Bb7 11. 0-0 Qc7 12. Qd2 Rac8 13. h3 Rfe8 14. f4 h5 15. Rad1 Kh7 1/2-1/2

[Event "Budapest FS08 FM"]
[Site "Budapest"]
[Date "2001.??.??"]
[Round "6"]
[White "Papp, Albert"]
[Black "Biro, David"]
[Result "0-1"]
[WhiteElo "2000"]
[BlackElo "2230"]
[PlyCount "62"]
[EventDate "2001.08.??"]
[EventType "tourn"]
[EventRounds "13"]
[EventCountry "HUN"]
[SourceTitle "EXT 2003"]
[Source "ChessBase"]
[SourceDate "2002.11.25"]
[SourceVersion "1"]
[SourceVersionDate "2002.11.25"]
[SourceQuality "1"]

1. e4 d6 2. d4 Nf6 3. Bd3 g6 4. c3 Bg7 5. Nf3 0-0 6. 0-0 Nc6 7. Bg5 h6 8. Bh4 e5 9. h3 g5 10. Bg3 Nh5 11. Bh2 Nf4 12. Bc2 Qf6 13. d5 Ne7 14. Re1 Neg6 15. Nbd2 g4 16. hxg4 Bxg4 17. Bg3 h5 18. Nf1 Nh3+ 19. gxh3 Bxf3 20. Qd2 h4 21. Bh2 Nf4 22. Bxf4 exf4 23. Nh2 Qg6+ 24. Ng4 Bxg4 25. hxg4 Qxg4+ 26. Kh2 Kh8 27. Rg1 Qh5 28. Rg2 Be5 29. Bd1 f3+ 30. Kh3 Rg8 31. Rxg8+ Rxg8 0-1

[Event "Budapest FS08 FM"]
[Site "Budapest"]
[Date "2001.??.??"]
[Round "1"]
[White "Papp, Albert"]
[Black "Nadassy, Attila"]
[Result "1/2-1/2"]
[WhiteElo "2000"]
[BlackElo "2095"]
[PlyCount "74"]
[EventDate "2001.08.??"]
[EventType "tourn"]
[EventRounds "13"]
[EventCountry "HUN"]
[SourceTitle "EXT 2003"]
[Source "ChessBase"]
[SourceDate "2002.11.25"]
[SourceVersion "1"]
[SourceVersionDate "2002.11.25"]
[SourceQuality "1"]

1. e4 c5 2. c3 d5 3. exd5 Qxd5 4. d4 e6 5. Nf3 Nf6 6. Be3 Nbd7 7. c4 Qd6 8. Nc3 a6 9. Be2 Be7 10. 0-0 0-0 11. Qd2 cxd4 12. Nxd4 Nc5 13. Bf3 e5 14. Nc2 Qxd2 15. Bxd2 Bf5 16. Ne3 Bd3 17. Rfe1 e4 18. Be2 Rfd8 19. Rad1 Rd7 20. b3 Rad8 21. Ned5 Nxd5 22. Nxd5 Bf8 23. Bg4 Rd6 24. Ba5 Re8 25. Bc7 Rc6 26. f3 Ne6 27. Ba5 Bc5+ 28. Ne3 g6 29. fxe4 Bxe4 30. Bxe6 Rcxe6 31. b4 Bc2 32. Rc1 Rxe3 33. bxc5 Rxe1+ 34. Rxe1 Rxe1+ 35. Bxe1 Bd3 36. Bg3 Bxc4 37. a3 Kg7 1/2-1/2

[Event "Budapest FS08 FM"]
[Site "Budapest"]
[Date "2001.??.??"]
[Round "2"]
[White "Szilardfy, Gyula"]
[Black "Papp, Albert"]
[Result "1-0"]
[WhiteElo "2160"]
[BlackElo "2000"]
[PlyCount "72"]
[EventDate "2001.08.??"]
[EventType "tourn"]
[EventRounds "13"]
[EventCountry "HUN"]
[SourceTitle "EXT 2003"]
[Source "ChessBase"]
[SourceDate "2002.11.25"]
[SourceVersion "1"]
[SourceVersionDate "2002.11.25"]
[SourceQuality "1"]

1. d3 d5 2. Nf3 c6 3. g3 Bg4 4. Bg2 Nf6 5. 0-0 Nbd7 6. Qe1 e5 7. e4 dxe4 8. dxe4 Bc5 9. Nbd2 0-0 10. h3 Bh5 11. Nh4 Qc7 12. Nc4 b5 13. Ne3 Rad8 14. Nhf5 Rfe8 15. b4 Bb6 16. a4 a6 17. Bb2 Nf8 18. Qc3 N6d7 19. a5 Ba7 20. Nd5 Qb8 21. Nde7+ Kh8 22. Nxc6 Qa8 23. Nxd8 Rxd8 24. Qb3 Ne6 25. Rfe1 Qb8 26. Rac1 Nf6 27. c4 bxc4 28. Qxc4 h6 29. Qxa6 Bxf2+ 30. Kxf2 Rd2+ 31. Kg1 Qxb4 32. Bxe5 Ra2 33. Qc8+ Kh7 34. Qc3 Qxa5 35. Qxa5 Rxa5 36. Bxf6 gxf6 1-0